| 000 | 00572nam a2200181Ia 4500 | ||
|---|---|---|---|
| 008 | 100920s9999 xx 000 0 und d | ||
| 082 |
_b89295 _a410 थ 08 |
||
| 100 | _aगोरे गणेश मोरेश्वर. | ||
| 245 | _aकाव्य - दोष - दीपिका. | ||
| 260 |
_b--- _c1908 |
||
| 300 |
_a162 _bसाधी |
||
| 365 | _b0.75 | ||
| 520 | _aभाषा. | ||
| 630 | _aकाव्य - दोष - दीपिका. | ||
| 650 | _aभाषा. | ||
| 730 | _aकाव्य - दोष - दीपिका. | ||
| 942 | _cBOOK | ||
| 999 |
_c729793 _d729790 |
||